| 000 | 00518nam a22001937a 4500 | ||
|---|---|---|---|
| 005 | 20170201160736.0 | ||
| 008 | 170201b xxu||||| |||| 00| 0 eng d | ||
| 020 | _a9781284040753 | ||
| 040 | _cPK-LaUMT | ||
| 082 |
_a613.7 _bBAU-M |
||
| 100 | _aBaumgartner, Ted A | ||
| 245 |
_aMeasurement for evaluation: _bin kinesiology/ _cTed A. baumgartner [et al] |
||
| 250 | _a9th | ||
| 260 |
_aBurlington: _bJones and bartlett learning, _c2016 |
||
| 300 | _a426 p. | ||
| 546 | _aen | ||
| 650 | _aKinesiology | ||
| 942 | _cBK | ||
| 999 |
_c90702 _d90702 |
||